Abnormal child psychology / (Record no. 2401)

000 -LEADER
fixed length control field 01118cam a22003015a 4500
001 - CONTROL NUMBER
control field 17175823
003 - CONTROL NUMBER IDENTIFIER
control field OSt
005 - DATE AND TIME OF LATEST TRANSACTION
control field 20180117085940.0
008 - FIXED-LENGTH DATA ELEMENTS--GENERAL INFORMATION
fixed length control field 120222s2012 cau 000 0 eng
010 ## - LIBRARY OF CONGRESS CONTROL NUMBER
LC control number 2012933865
020 ## - INTERNATIONAL STANDARD BOOK NUMBER
International Standard Book Number 9781111834494
020 ## - INTERNATIONAL STANDARD BOOK NUMBER
International Standard Book Number 1111834490
040 ## - CATALOGING SOURCE
Original cataloging agency DLC
Transcribing agency DLC
Modifying agency DLC
042 ## - AUTHENTICATION CODE
Authentication code pcc
100 1# - MAIN ENTRY--PERSONAL NAME
Personal name Mash, J. Eric.
245 10 - TITLE STATEMENT
Title Abnormal child psychology /
Statement of responsibility, etc. Eric J. Mash, David A. Wolfe.
250 ## - EDITION STATEMENT
Edition statement 5th ed.
260 ## - PUBLICATION, DISTRIBUTION, ETC.
Place of publication, distribution, etc. Belmont, CA :
Name of publisher, distributor, etc. Wadsworth,
Date of publication, distribution, etc. 2012.
263 ## - PROJECTED PUBLICATION DATE
Projected publication date 1207
300 ## - PHYSICAL DESCRIPTION
Extent p. cm.
856 42 - ELECTRONIC LOCATION AND ACCESS
Materials specified Publisher description
Uniform Resource Identifier <a href="http://www.loc.gov/catdir/enhancements/fy1212/2012933865-d.html">http://www.loc.gov/catdir/enhancements/fy1212/2012933865-d.html</a>
856 41 - ELECTRONIC LOCATION AND ACCESS
Materials specified Table of contents only
Uniform Resource Identifier <a href="http://www.loc.gov/catdir/enhancements/fy1212/2012933865-t.html">http://www.loc.gov/catdir/enhancements/fy1212/2012933865-t.html</a>
856 42 - ELECTRONIC LOCATION AND ACCESS
Materials specified Contributor biographical information
Uniform Resource Identifier <a href="http://www.loc.gov/catdir/enhancements/fy1303/2012933865-b.html">http://www.loc.gov/catdir/enhancements/fy1303/2012933865-b.html</a>
906 ## - LOCAL DATA ELEMENT F, LDF (RLIN)
a 0
b ibc
c orignew
d 2
e epcn
f 20
g y-gencatlg
942 ## - ADDED ENTRY ELEMENTS (KOHA)
Source of classification or shelving scheme
Koha item type Book
Holdings
Withdrawn status Lost status Source of classification or shelving scheme Damaged status Not for loan Collection code Permanent Location Current Location Shelving location Date acquired Total Checkouts Full call number Barcode Date last seen Date last checked out Price effective from Koha item type
            Central Library (CL) Central Library (CL) General Stacks 06/26/2015 2 618.9289 MAS S3H-S-159 01/17/2024 11/28/2023 06/26/2015 Book
© 2023 Central Library, National University of Sciences and Technology. All Rights Reserved.